000 00595nam a2200133Ia 4500
008 100328s9999 xx 000 0 und d
082 _b59312
100 _aभागवत विक्रम.
245 _aइंदूचे घर (पुरुष पात्र विरहीत एकांकिका).
260 _bआभा.
630 _aइंदूचे घर (पुरुष पात्र विरहीत एकांकिका).
730 _aइंदूचे घर (पुरुष पात्र विरहीत एकांकिका).
942 _cBOOK
999 _c545552
_d545549